000 01275nam a2200325 i 4500
003 CSPC
005 20250717161718.0
008 240313s2022 nyua 001 0 eng
020 _a9781260474596
040 _cCSPC
_aCSPC
_beng
_erda
050 0 0 _aPC4117
082 0 4 _a468.2421
_bR220
245 0 0 _aRead & think Spanish /
_cedited by Think Spanish Magazine.
246 3 0 _aRead and think
246 3 0 _aSpanish
250 _aPremium fourth edition.
264 1 _aNew York :
_bMcGraw Hill,
_c2022.
300 _axiv, 272 pages :
_billustrations ;
_c23 cm.
336 _2rdacontent
_atext
337 _2rdamedia
_aunmediated
338 _2rdacarrier
_avolume
505 0 _aCultura -- Viaje -- Tradición -- Celebración -- Personas -- Deportes -- Música -- Historia -- Geografía -- Gastronomía -- Conversación -- Costumbres.
650 0 _aSpanish language
_vTextbooks for foreign speakers
_xEnglish.
650 0 _aSpanish language
_zSpain
_xReaders.
650 0 _aSpanish language
_xSelf-instruction.
651 0 _aSpain
_xSocial life and customs.
710 1 _aThink Spanish Magazine,
_eeditors.
942 _2ddc
_cBK
_h468.2421
_iR220
_kCIR
_m2022
_n0
999 _c27264
_d27264